000 01171cam a2200277 a 4500
001 000015179
005 20200929163957.0
008 910306s1987 ec a b 000 0 spa
040 _aDO-SdBNP
_cDLC
043 _as-ec---
082 _a255.539866
_bJ58
245 0 4 _aLos Jesuitas en el Ecuador /
_ccon textos de Alejandro Carrión ... [et al.] y un apéndice conteniendo el mensaje del Padre General Peter-Hans Kolvenbach.
260 _aQuito :
_bCasa de la Cultura Ecuatoriana "Benjamin Carrion" :
_bComisión Nacional Permanente de Conmemoraciones Cívicas,
_c1987.
300 _a176 p. :
_bil. ;
_c18 cm.
490 1 _aContribución al quinto centenario del descubrimiento de América
_v4
504 _aIncluye referencias bibliográficas.
610 2 0 _aJESUITAS
_zECUADOR
_xHISTORIA.
_934377
650 4 _aIglesia
_zEcuador.
_xHistoria
_934378
700 1 _aCarrión, Alejandro
_913388
700 1 _aLara, Jorge Salvador
_934379
700 1 _aTerán Durati, Julio
_934380
700 1 _aVillalva, Jorge
_934381
830 0 _aContribución al quinto centenario del descubrimiento de América ;
_v4
_934071
910 _aCatalogación por copia / LC
049 _aBNGR
999 _c14750
_d14750